000 00629nam a22001697a 4500
003 MACL
005 20160723133646.0
008 160723b xxu||||| |||| 00| 0 eng d
040 _cMACL
041 _aHindi
082 _a900 PAN
100 _aपाण्‍डेय, एस. के.
_961212
245 _aकौशाम्‍बी का स्‍वर्णिम इतिहास एवं वर्तमान
_cएस. के. पाण्‍डेय
260 _aइलाहाबाद
_bमीरा पब्लिकेशन्‍स
_c2014
650 _aइतिहास
_965095
942 _2ddc
_cHIN
999 _c54787
_d54787